[Event "Sandefjord op"]
[Site "Sandefjord"]
[Date "2002.10.13"]
[Round "5"]
[White "Skuggevik, Kare"]
[Black "Alne, Sture Magne"]
[Result "1/2-1/2"]
[WhiteElo "1283"]
[BlackElo "1488"]
[PlyCount "114"]
[EventDate "2002.10.??"]
[EventType "swiss"]
[EventRounds "5"]
[EventCountry "NOR"]
[SourceTitle "EXT 2005"]
[Source "ChessBase"]
[SourceDate "2004.11.15"]
[SourceVersion "1"]
[SourceVersionDate "2004.11.15"]
[SourceQuality "1"]

1. e4 e6 2. Nf3 c5 3. d3 Nc6 4. Be2 g6 5. c3 Bg7 6. 0-0 Nge7 7. h3 0-0 8. Nbd2 b6 9. Nh2 Bb7 10. Ndf3 d5 11. Qc2 d4 12. Bd2 dxc3 13. bxc3 Qd7 14. Rae1 Rfd8 15. Ng4 Ba6 16. Bh6 f5 17. Bxg7 Kxg7 18. Nge5 Qd6 19. Nxc6 Nxc6 20. Rd1 Qe7 21. exf5 exf5 22. Rfe1 Qf6 23. Bf1 Re8 24. Qd2 Rxe1 25. Rxe1 Bb7 26. Ng5 h6 27. Ne6+ Kh7 28. Nf4 Rd8 29. Re6 Qf7 30. Qe3 g5 31. Ne2 Rd7 32. h4 Re7 33. Rxe7 Qxe7 34. hxg5 Qxe3 35. fxe3 hxg5 36. d4 cxd4 37. exd4 Kg6 38. g3 Kf6 39. Kf2 Ke6 40. Bg2 Nd8 41. Bxb7 Nxb7 42. Kg2 Kd5 43. Kf3 Nd6 44. Ke3 Kc4 45. Kd2 a5 46. Kc2 b5 47. Nc1 f4 48. gxf4 gxf4 49. Nd3 f3 50. Ne5+ Kd5 51. Nxf3 Ke4 52. Nd2+ Ke3 53. a3 b4 54. axb4 axb4 55. Nb3 bxc3 56. Kxc3 Nb5+ 57. Kc4 Nxd4 1/2-1/2

[Event "Sandefjord op"]
[Site "Sandefjord"]
[Date "2002.10.12"]
[Round "3"]
[White "Skuggevik, Kare"]
[Black "Stensland, Svein Inge"]
[Result "0-1"]
[WhiteElo "1283"]
[BlackElo "1388"]
[PlyCount "114"]
[EventDate "2002.10.??"]
[EventType "swiss"]
[EventRounds "5"]
[EventCountry "NOR"]
[SourceTitle "EXT 2005"]
[Source "ChessBase"]
[SourceDate "2004.11.15"]
[SourceVersion "1"]
[SourceVersionDate "2004.11.15"]
[SourceQuality "1"]

1. e4 c5 2. Nf3 d6 3. Bc4 e6 4. d3 Be7 5. 0-0 a6 6. a3 b5 7. Ba2 Bb7 8. b3 Nd7 9. Re1 Qc7 10. Bb2 Bf6 11. Bxf6 Ngxf6 12. h3 b4 13. a4 0-0 14. Nbd2 Rfe8 15. Rc1 Rab8 16. c4 bxc3 17. Rxc3 Bc6 18. Bb1 Rb4 19. Re3 d5 20. Re2 d4 21. Rc1 e5 22. Nh2 Nh5 23. g3 Qd6 24. Bc2 Qe6 25. Qf1 Qg6 26. Kh1 Bb7 27. Bd1 Rb6 28. Re1 Rf8 29. Bxh5 Qxh5 30. Qg2 Rh6 31. Ndf3 f5 32. g4 fxg4 33. hxg4 Qf7 34. Kg1 Rf6 35. Ng5 Qg6 36. Nh3 h6 37. f3 Bc8 38. g5 hxg5 39. Qxg5 Qxg5+ 40. Nxg5 Rg6 41. Kf2 Rxg5 42. Rg1 Rxg1 43. Rxg1 Rf6 44. Rg5 Rb6 45. Ng4 Rxb3 46. Nxe5 Kf8 47. Nxd7+ Bxd7 48. Rxc5 Bxa4 49. Rc4 Bb5 50. Rxd4 Rxd3 51. Rb4 Kf7 52. Kg3 Kf6 53. Kg4 Rd2 54. Kg3 Rd1 55. Kf2 Ke5 56. Rb2 Kf4 57. Rc2 Rd3 0-1